| 000 -ლიდერი |
| ფიქსირებული სიგრძის საკონტროლო ველი |
01434nam a2200265Ia 4500 |
| 001 - საკონტროლო ნომერი |
| საკონტროლო ველი |
20339 |
| 003 - საკონტროლო ნომრის იდენტიფიკატორი |
| საკონტროლო ველი |
GE_BSU |
| 005 - ბოლო ოპერაციის თარიღი და დრო |
| საკონტროლო ველი |
20200925225034.0 |
| 008 - ფიქსირებული სიგრძის მონაცემთა ელემენტები - ზოგადი ინფორმაცია |
| ფიქსირებული სიგრძის საკონტროლო ველი |
181216s1952||||ge |||||||||||||| ||geo|| |
| 040 ## - კატალოგიზაციის წყარო |
| Transcribing agency |
GE_BSU |
| 041 ## - ენის კოდი |
| Language code of text/sound track or separate title |
geo |
| 080 ## - უნივერსალური ათობითი კლასიფიკაციის ინდექსი |
| Universal Decimal Classification number |
811.353.1-84(075.3) მ-93 |
| 100 ## - მთავარი ჩანაწერი - პიროვნების სახელი |
| Personal name |
მუშკუდიანი, ვ. |
| 9 (RLIN) |
9545 |
| 245 ## - ცნობა სათაურის შესახებ |
| Title |
ქართული ენის სწავლება არაქართულ სკოლაში / |
| Statement of responsibility, etc |
ვ.მუშკუდიანი, კლ. თევზაძე, ფ. რურუა ; რედ. აკ. თოფურია. |
| 264 ## - წარმოების, გამოცემის, დისტრიბუციის და სხვა ცნობები |
| გამოცემის, წარმოების, დისტრიბუციის... ადგილი |
თბილისი : |
| გამოცემის, წარმოების, დისტრიბუციის... სახელწოდება |
ინსტიტუტის გამომცემლობა, |
| გამოცემის, წარმოების, დისტრიბუციის... თარიღი |
1952. |
| 300 ## - ფიზიკური აღწერა |
| Extent |
207 გვ. ; |
| Dimensions |
21 სმ. |
| 653 ## - INDEX TERM--UNCONTROLLED |
| Uncontrolled term |
ქართული ენა |
| 653 ## - INDEX TERM--UNCONTROLLED |
| Uncontrolled term |
ქართული ენის ენის სწავლება არაქართულ სკოლაში |
| 700 ## - ADDED ENTRY--PERSONAL NAME |
| Personal name |
თევზაძე, კლ. |
| Relator term |
ავტორი |
| 9 (RLIN) |
9546 |
| 700 ## - ADDED ENTRY--PERSONAL NAME |
| Personal name |
რურუა, ფ. |
| Relator term |
ავტორი |
| 9 (RLIN) |
9547 |
| 700 ## - ADDED ENTRY--PERSONAL NAME |
| Personal name |
თოფურია, აკ. |
| Relator term |
რედაქტორი |
| 9 (RLIN) |
9536 |
| 710 ## - ADDED ENTRY--CORPORATE NAME |
| Corporate name or jurisdiction name as entry element |
საქართველოს სსრ განათლების სამინისტროს პედაგოგიურ მეცნიერებათა ინსტიტუტი |
| 9 (RLIN) |
9537 |
| 942 ## - ADDED ENTRY ELEMENTS (KOHA) |
| Koha item type |
წიგნი |
| Source of classification or shelving scheme |
|